[Event "ROU-chT Men Superliga 2018"]
[Site "Sovata"]
[Date "2018.12.01"]
[Round "8"]
[White "Manolache, Marius"]
[Black "Iordachescu, Viorel"]
[Result "1/2-1/2"]
[WhiteElo "2518"]
[BlackElo "2597"]
[Annotator "TA"]
[PlyCount "114"]
[EventDate "2018.11.24"]
[EventType "team-tourn"]
[EventCountry "ROU"]
[SourceTitle "playchess.com"]
[Source "ChessBase"]
[SourceQuality "1"]

{[%evp 9,114,-19,-3,-2,11,9,19,9,14,18,22,17,12,16,20,17,18,16,22,22,40,11,29,-1,17,16,12,4,69,10,69,19,21,24,27,32,19,13,30,16,17,18,32,13,24,16,62,6,216,215,220,197,204,133,133,127,127,135,132,127,160,160,203,195,182,150,175,175,167,161,160,171,172,162,161,109,109,93,109,109,109,109,110,0,0,0,0,0,0,0,0,0,0,0,0,0,0,-13,-13,-18,-18,-19,-13,-13,-13,-13,-13]} 1. Nf3 c5 2. c4 Nc6 3. Nc3 g6 4. a3 (4. e3 Nf6 5. d4 cxd4 6. exd4 d5 7. cxd5 Nxd5 8. Qb3 Nxc3 9. Bc4 e6 10. bxc3 Bd7 11. Bb5 a6 12. Be2 Na5 13. Qb1 Rc8 14. O-O f6 15. c4 b6 16. c5 bxc5 17. dxc5 Bxc5 18. Bxa6 Rb8 {1-0 (34) Svidler,P (2756)-Shankland,S (2722) Hoogeveen 2018}) 4... Bg7 5. d3 d6 6. g3 $146 {A35: Symmetrical English: 2 Nc3 Nc6 3 Nf3} ({Predecessor:} 6. e4 e5 7. Nd5 h6 8. b4 Nge7 9. Be2 O-O 10. bxc5 dxc5 11. Bd2 Kh7 {0-1 (41) Dani,P (2205)-Comp Genius 4 Debrecen 1996}) 6... Nh6 7. Bg2 Nf5 8. Bd2 a5 9. Rb1 O-O 10. h4 h6 11. Qc1 h5 12. b3 Ncd4 13. Ng5 e6 14. O-O Nc6 15. Qd1 Rb8 16. e4 Nh6 17. Nb5 Ng4 18. f3 Nge5 (18... Nf6 $11) 19. Be3 (19. Bh3 $14) 19... b6 ({Black should try} 19... Qe7 $11) 20. Qe2 (20. Bh3 $5 {[%cal Rf3f4]}) 20... Ba6 21. Bh3 Qe7 22. f4 Nd7 23. Nc7 $36 {[%mdl 2048] Black is under pressure.} Nd4 24. Bxd4 Bxd4+ 25. Kh2 Bb7 26. Nb5 Bg7 27. Rf2 Nf6 28. Rbf1 (28. f5 $1 $14) 28... Rbe8 $2 (28... Nh7 $11 {and Black stays safe.}) 29. e5 $18 Nh7 30. Nxd6 Rd8 31. Nxh7 Kxh7 32. Nxb7 Qxb7 33. Bg2 Qe7 34. Be4 Kg8 35. Kh3 Bh6 36. Rg2 Kg7 37. Rb1 f5 38. exf6+ $1 Rxf6 39. b4 axb4 40. axb4 e5 41. bxc5 Qxc5 42. fxe5 (42. f5 $18 gxf5 43. Bd5) 42... Qxe5 $16 43. Rb5 Qe6+ 44. Kh2 Rdf8 45. Qb2 Be3 46. Bxg6 ({Better is} 46. Re5 $16 Qd7 47. Rd5) 46... Kxg6 $11 {The position is equal.} 47. Re5 {[#]} Bc1 $1 {[%cal Rc1b2][%mdl 512]} 48. Qc3 ({But not} 48. Qe2 Qg4 $15) (48. Qxc1 Qxe5) 48... Qd6 49. Rd5 Qa3 50. Qe5 Bh6 51. Qxh5+ Kg7 52. Qe5 {And now Rf2 would win.} Kg8 53. c5 bxc5 54. Rxc5 Qxd3 {[#]} 55. Rc8 $1 {[%mdl 512] Threatens to win with Qxf6.} Qf5 (55... Rxc8 56. Qxf6) 56. Qxf5 Rxf5 57. Rxf8+ Bxf8 {Accuracy: White = 55%, Black = 53%.} 1/2-1/2

[Event "ROU-chT Men Superliga 2018"]
[Site "Sovata"]
[Date "2018.12.01"]
[Round "8"]
[White "Georgescu, Tiberiu-Marian"]
[Black "Berkes, Ferenc"]
[Result "1/2-1/2"]
[WhiteElo "2505"]
[BlackElo "2662"]
[Annotator "TA"]
[PlyCount "33"]
[EventDate "2018.11.24"]
[EventType "team-tourn"]
[EventCountry "ROU"]
[SourceTitle "playchess.com"]
[Source "ChessBase"]
[SourceQuality "1"]

{[%evp 22,26,27,28,37,24,32]} 1. d4 Nf6 2. c4 b6 3. Nc3 Bb7 4. Nf3 Ne4 5. Nxe4 Bxe4 6. e3 e6 7. a3 Be7 8. Bd3 Bxd3 9. Qxd3 O-O {E12: Queen's Indian: Unusual White 4th moves, 4 a3, 4 Nc3 Bb7 5 a3 and 4 Nc3 Bb7} 10. O-O d6 11. e4 Nd7 12. Be3 {LiveBook: 3 Games} Qc8 13. Rad1 Qb7 {Predecessor:} 14. Rfe1 $146 a5 15. d5 e5 16. Qb3 a4 17. Qb5 {0-1 (70) Staniszewski,P (2407)-Lysyj,I (2627) Warsaw 2010} 1/2-1/2

[Event "ROU-chT Men Superliga 2018"]
[Site "Sovata"]
[Date "2018.12.01"]
[Round "8"]
[White "Visakh N R"]
[Black "Macovei, Andrei"]
[Result "0-1"]
[WhiteElo "2489"]
[BlackElo "2369"]
[Annotator "TA"]
[PlyCount "94"]
[EventDate "2018.11.24"]
[EventType "team-tourn"]
[EventCountry "ROU"]
[SourceTitle "playchess.com"]
[Source "ChessBase"]
[SourceQuality "1"]

{[%evp 21,94,20,16,5,14,8,10,18,32,20,31,19,18,23,23,21,15,16,14,7,31,11,25,0,0,0,0,0,34,45,43,63,84,68,53,0,0,0,0,0,0,0,0,0,0,0,0,0,0,0,0,0,0,-8,-13,-12,0,-330,-322,-331,-319,-279,-291,-29979,-29968,-29969,-29970,-29995,-29996,-29996,-29997,-29997,-29996,-29998,-29999]} 1. d4 Nf6 2. c4 e6 3. Nf3 b6 4. g3 Bb7 5. Bg2 Be7 6. O-O O-O 7. Re1 Na6 8. Nc3 Ne4 {E18: Queen's Indian: Old Main Line (4 g3 Bb7 5 Bg2 Be7 6 0-0 0-0 7 Nc3)} 9. Nxe4 Bxe4 10. Ne5 Bxg2 11. Kxg2 d6 {LiveBook: 3 Games} 12. Nf3 $146 ({Predecessor:} 12. Nc6 Qe8 13. d5 Nb8 14. Nd4 Bf6 15. Nc2 b5 16. cxb5 Qxb5 {½-½ (43) Goganov,A (2635)-Inarkiev,E (2732) Novosibirsk 2016}) 12... c5 13. e4 cxd4 14. Nxd4 Qc7 15. b3 Nc5 16. Bb2 {[%cal Bc1b2,Bb2a1,Ba1d4,Bd4e5][%mdl 32]} a6 17. Qe2 Qb7 18. f3 Bf6 19. Rac1 b5 20. Ba1 {[%cal Rc4b5]} Rab8 21. cxb5 axb5 22. b4 Bxd4 23. Bxd4 Na4 24. Rc2 d5 25. Rec1 dxe4 26. fxe4 Qe7 27. Be5 (27. Qg4 {seems wilder.} e5 28. Rc7 Qd6 29. Rd7 h5 30. Qf5) 27... Rb7 $1 28. a3 (28. Rc6 $14 Rd7 29. a3 (29. Qxb5 Rd2+ 30. Kh1 Qg5 $14)) 28... f6 $11 29. Bd4 Rd8 30. Bf2 e5 31. Rc8 Qd7 32. Qa2+ Kf8 $1 33. Rxd8+ Qxd8 34. Qe6 {Black must now prevent Rc8.} Rc7 35. Rxc7 Qxc7 36. Kf3 Qc3+ 37. Kg2 Qd3 38. Qf5 h6 39. Kh3 $2 {[%mdl 8192] [#]} (39. h4 $1 $11 {and White has nothing to worry.}) 39... Nc3 $1 $19 {[%cal Rc3e4]} 40. Bc5+ Kf7 41. Qh5+ Kg8 42. Qe8+ $2 (42. Kg2 $19) 42... Kh7 {Black mates.} 43. Bf8 Nxe4 {[%mdl 64] Discovered Attack} 44. Qe7 Ng5+ 45. Kh4 Nf3+ 46. Kh3 Qf1+ 47. Kg4 {[#]} h5+ $1 {[%mdl 576] Decoy. Accuracy: White = 49%, Black = 84%.} 0-1

[Event "ROU-chT Men Superliga 2018"]
[Site "Sovata"]
[Date "2018.12.01"]
[Round "8"]
[White "Gavrilescu, David"]
[Black "Banzea, Alexandru-Bogdan"]
[Result "1/2-1/2"]
[WhiteElo "2481"]
[BlackElo "2313"]
[Annotator "TA"]
[PlyCount "31"]
[EventDate "2018.11.24"]
[EventType "team-tourn"]
[EventCountry "ROU"]
[SourceTitle "playchess.com"]
[Source "ChessBase"]
[SourceQuality "1"]

{[%evp 18,31,33,0,7,8,8,0,8,2,15,-5,50,36,63,58]} 1. e4 c6 2. Nf3 d5 3. Nc3 dxe4 4. Nxe4 Nf6 5. Qe2 Nxe4 6. Qxe4 Nd7 {B11: Caro-Kann: Two Knights Variation} 7. Bc4 Nf6 8. Ne5 e6 9. Qe2 b5 10. Bb3 {LiveBook: 3 Games} ({Much worse is} 10. Nxc6 Qc7 $15) (10. Bd3 {looks sharper.} Bb7 11. b3 Bd6 12. Bb2 O-O 13. c4) 10... Qc7 11. O-O Bd6 12. Re1 O-O 13. d4 Bb7 {[#]} 14. Bf4 $146 ({Predecessor:} 14. c3) 14... Nd5 (14... a5 $11 15. c3 Rfe8) 15. Bg3 $14 a5 16. c3 1/2-1/2

[Event "ROU-chT Men Superliga 2018"]
[Site "Sovata"]
[Date "2018.12.01"]
[Round "8"]
[White "Miron, Lucian-Costin"]
[Black "Tarlev, Konstantin"]
[Result "1/2-1/2"]
[WhiteElo "2465"]
[BlackElo "2554"]
[Annotator "TA"]
[PlyCount "23"]
[EventDate "2018.11.24"]
[EventType "team-tourn"]
[EventCountry "ROU"]
[SourceTitle "playchess.com"]
[Source "ChessBase"]
[SourceQuality "1"]

{[%evp 17,23,0,7,4,-4,4,23,20]} 1. d4 Nf6 2. c4 e6 3. Nc3 Bb4 4. Qc2 O-O 5. Nf3 d5 6. cxd5 exd5 7. Bf4 {E32: Nimzo-Indian: Classical (4 Qc2): 4...0-0} (7. Bg5 h6 8. Bh4 c5 9. e3 cxd4 10. Nxd4 Nc6 11. Nxc6 bxc6 12. a3 Bxc3+ 13. Qxc3 d4 14. Qxd4 Qxd4 15. exd4 {½-½ (28) Laznicka,V (2662)-Gelfand,B (2703) Novy Bor 2018}) 7... c5 8. e3 {[%cal Be2e3,Be3d4,Bd4d5][%mdl 32]} Nc6 9. dxc5 d4 {LiveBook: 3 Games} 10. O-O-O {[%cal Re3d4]} Bxc5 11. exd4 Bb4 $146 ({Predecessor:} 11... Bd6 12. Bxd6 Qxd6 13. a3 Bg4 {1-0 (56) Kuljasevic,D (2538)-Brkic,A (2596) Pozega 2018}) 12. d5 1/2-1/2

[Event "ROU-chT Men Superliga 2018"]
[Site "Sovata"]
[Date "2018.12.01"]
[Round "8"]
[White "Berescu, Alin-Mile"]
[Black "Ogleznev, Alexandr"]
[Result "1/2-1/2"]
[WhiteElo "2450"]
[BlackElo "2333"]
[Annotator "RC"]
[PlyCount "57"]
[EventDate "2018.11.24"]
[EventType "team-tourn"]
[EventCountry "ROU"]
[SourceTitle "playchess.com"]
[Source "ChessBase"]
[SourceQuality "1"]
[TimeControl "40/5400+30:1800+30"]

1. e4 {[%emt 0:00:00]} c6 {[%emt 0:00:00]} 2. d4 {[%emt 0:00:08]} d5 {[%emt 0:00:00]} 3. Nc3 {[%emt 0:00:33]} dxe4 {[%emt 0:00:00]} 4. Nxe4 {[%emt 0:00:08]} Bf5 {[%emt 0:00:08]} 5. Ng3 {[%emt 0:00:21]} Bg6 {[%emt 0:00:06]} 6. h4 {[%emt 0:00:07]} h6 {[%emt 0:00:34]} 7. Nf3 {[%emt 0:00:10]} Nd7 {[%emt 0:00:21]} 8. h5 {[%emt 0:00:23]} Bh7 {[%emt 0:00:07]} 9. Bd3 {[%emt 0:00:09]} Bxd3 {[%emt 0:00:20]} 10. Qxd3 {[%emt 0:00:08]} e6 {[%emt 0:00:18]} 11. Bd2 {[%emt 0:01:32]} Ngf6 {[%emt 0:00:46]} 12. O-O-O {[%emt 0:03:36]} Qc7 {[%emt 0:00:28]} 13. Ne4 {[%emt 0:01:01]} O-O-O {[%emt 0:00:14]} 14. g3 {[%emt 0:00:39]} Nxe4 {[%emt 0:00:16]} 15. Qxe4 {[%emt 0:00:04]} Nf6 {[%emt 0:00:29]} 16. Qe2 {[%emt 0:00:09]} Bd6 {[%emt 0:00:07]} 17. c4 {[%emt 0:05:00]} c5 {[%emt 0:00:19]} 18. Bc3 {[%emt 0:00:17]} cxd4 {[%emt 0:00:35]} 19. Nxd4 {[%emt 0:00:08]} a6 {[%emt 0:00:11]} 20. Kb1 {[%emt 0:04:38]} Rd7 {[%emt 0:01:11]} 21. Nb3 {[%emt 0:02:43]} Qc6 {[%emt 0:05:48]} 22. Rh4 {[%emt 0:01:29]} Rhd8 {[%emt 0:00:33]} 23. Rc1 {[%emt 0:01:16]} Kb8 {[%emt 0:07:08]} 24. a3 {[%emt 0:14:28]} Bc7 {[%emt 0:10:42]} 25. Ka2 {[%emt 0:12:18]} Ka8 {[%emt 0:08:25]} 26. Nd4 {[%emt 0:14:43]} Qc5 {[%emt 0:11:34]} 27. Nb3 {[%emt 0:02:16]} Qc6 {[%emt 0:00:43]} 28. Nd4 {[%emt 0:04:45]} Qc5 {[%emt 0:00:15]} 29. Nb3 {[%emt 0:00:05]} 1/2-1/2

[Event "ROU-chT Men Superliga 2018"]
[Site "Sovata"]
[Date "2018.12.01"]
[Round "8"]
[White "Morozov, Nichita"]
[Black "Manea, Alexandru"]
[Result "1/2-1/2"]
[WhiteElo "2439"]
[BlackElo "2347"]
[Annotator "TA"]
[PlyCount "52"]
[EventDate "2018.11.24"]
[EventType "team-tourn"]
[EventCountry "ROU"]
[SourceTitle "playchess.com"]
[Source "ChessBase"]
[SourceQuality "1"]

{[%evp 19,52,0,0,0,15,23,34,-5,6,2,6,6,4,4,5,16,6,0,19,20,18,18,20,12,15,24,22,25,25,6,50,49,51,50,39]} 1. d4 d5 2. Nf3 Nf6 3. g3 c6 4. Bg2 Bf5 5. O-O Nbd7 6. b3 e6 7. Bb2 Bd6 8. Nbd2 h6 9. c4 O-O 10. Ne5 Qe7 {LiveBook: 10 Games} 11. a3 {D11: Slav Defence: 3 Nf3 sidelines and 3...Nf6 4 e3 Bg4} Rac8 $146 ({Predecessor:} 11... a5 12. e3 Rfd8 13. f4 Bh7 14. Qe2 Ne4 15. Nxe4 dxe4 16. Nxd7 Qxd7 17. g4 f5 18. Kh1 b5 {1-0 (42) Leon Valdes,J (2304)-Lopez Linares,L (2087) Montreal 2018}) 12. b4 Bb8 13. Nd3 (13. f3 {feels hotter.} Nxe5 14. dxe5 Nd7 15. f4 Rcd8 16. Qe1) 13... e5 14. cxd5 cxd5 15. dxe5 Nxe5 16. Nxe5 Bxe5 17. Bxe5 Qxe5 18. Nf3 Qb2 19. Nd4 Bd7 20. e3 Rc3 21. Qe2 $36 {[%mdl 2048] White has good play.} Qxe2 22. Nxe2 Rc2 23. Nf4 Be6 24. Rad1 {[%cal Rf4d5]} Rc3 25. Nxd5 Nxd5 26. Bxd5 Rxa3 {Accuracy: White = 68%, Black = 44%.} 1/2-1/2

[Event "ROU-chT Men Superliga 2018"]
[Site "Sovata"]
[Date "2018.12.01"]
[Round "8"]
[White "Cioara, Andrei-Nestor"]
[Black "Ionescu, Constantin"]
[Result "1/2-1/2"]
[WhiteElo "2427"]
[BlackElo "2432"]
[Annotator "NA RC"]
[PlyCount "27"]
[EventDate "2018.11.24"]
[EventType "team-tourn"]
[EventCountry "ROU"]
[SourceTitle "playchess.com"]
[Source "ChessBase"]
[SourceQuality "1"]
[TimeControl "40/5400+30:1800+30"]

1. e4 {[%emt 0:00:00]} c5 {[%emt 0:02:06]} 2. Nf3 {[%emt 0:00:00]} e6 {[%emt 0:00:12]} 3. d4 {[%emt 0:00:00]} cxd4 {[%emt 0:00:07]} 4. Nxd4 {[%emt 0:00:00]} a6 {[%emt 0:00:14]} 5. Nc3 {[%emt 0:00:00]} b5 {[%emt 0:02:14]} 6. Bd3 {[%emt 0:00:11]} Bb7 {[%emt 0:00:08]} 7. O-O {[%emt 0:00:18]} Qc7 {[%emt 0:02:04]} 8. Re1 {[%emt 0:13:32]} Nc6 {[%emt 0:04:25]} 9. Nf3 {[%emt 0:00:47]} d6 {[%emt 0:09:25]} 10. Bf4 {[%emt 0:12:46]} Nf6 {[%emt 0:11:13]} 11. a4 {[%emt 0:32:00]} b4 {[%emt 0:00:29]} 12. Nb1 {[%emt 0:00:04]} Be7 {[%emt 0:01:54]} 13. Nbd2 {[%emt 0:00:44]} Ne5 {[%emt 0:02:33]} 14. a5 1/2-1/2

[Event "ROU-chT Men Superliga 2018"]
[Site "Sovata"]
[Date "2018.12.01"]
[Round "8"]
[White "Petrisor, Adrian-Marian"]
[Black "Vrencian, Lehel"]
[Result "0-1"]
[WhiteElo "2425"]
[BlackElo "2321"]
[Annotator "RC"]
[PlyCount "90"]
[EventDate "2018.11.24"]
[EventType "team-tourn"]
[EventCountry "ROU"]
[SourceTitle "playchess.com"]
[Source "ChessBase"]
[SourceQuality "1"]
[TimeControl "40/5400+30:1800+30"]

1. d4 {[%emt 0:00:00]} d5 {[%emt 0:00:00]} 2. Nf3 {[%emt 0:00:00]} Nf6 {[%emt 0:00:18]} 3. c4 {[%emt 0:00:00]} dxc4 {[%emt 0:00:34]} 4. e3 {[%emt 0:00:11]} e6 {[%emt 0:00:11]} 5. Bxc4 {[%emt 0:00:12]} a6 {[%emt 0:00:03]} 6. O-O {[%emt 0:00:27]} Nbd7 {[%emt 0:00:08]} 7. a4 {[%emt 0:00:40]} c5 {[%emt 0:00:11]} 8. Qe2 {[%emt 0:00:26]} cxd4 {[%emt 0:15:15]} 9. exd4 {[%emt 0:00:19]} Nb6 {[%emt 0:00:29]} 10. Bb3 {[%emt 0:00:12]} Be7 {[%emt 0:00:38]} 11. Nc3 {[%emt 0:00:13]} O-O {[%emt 0:00:22]} 12. Rd1 {[%emt 0:00:05]} Nbd5 {[%emt 0:01:10]} 13. Ne5 {[%emt 0:00:10]} Bd7 {[%emt 0:06:35]} 14. Rd3 {[%emt 0:00:15]} Bc6 {[%emt 0:08:32]} 15. Rg3 {[%emt 0:00:10]} Nxc3 {[%emt 0:01:43]} 16. bxc3 {[%emt 0:00:05]} Be4 {[%emt 0:22:06]} 17. Bh6 {[%emt 0:06:16]} Bg6 {[%emt 0:03:13]} 18. Nxg6 {[%emt 0:00:09]} hxg6 {[%emt 0:00:07]} 19. Bd2 {[%emt 0:01:51]} Bd6 {[%emt 0:05:05]} 20. Rh3 {[%emt 0:01:49]} Re8 {[%emt 0:03:18]} 21. c4 {[%emt 0:07:48]} Qc7 {[%emt 0:00:17]} 22. a5 {[%emt 0:04:47]} Rac8 {[%emt 0:02:13]} 23. Rb1 {[%emt 0:03:49]} Bf4 {[%emt 0:01:44]} 24. Bb4 {[%emt 0:04:42]} g5 {[%emt 0:05:28]} 25. Ba4 {[%emt 0:14:36]} Red8 {[%emt 0:03:33]} 26. Bc5 {[%emt 0:00:09]} Qxa5 {[%emt 0:02:26]} 27. Ra3 {[%emt 0:03:20]} Rxc5 {[%emt 0:02:59]} 28. dxc5 {[%emt 0:00:28]} Rd2 {[%emt 0:01:21]} 29. Qf3 {[%emt 0:01:38]} Qxc5 {[%emt 0:01:44]} 30. Rab3 {[%emt 0:11:44]} e5 {[%emt 0:06:53]} 31. Rxb7 {[%emt 0:27:21]} g4 {[%emt 0:04:38]} 32. Rb8+ {[%emt 0:00:39]} Kh7 {[%emt 0:00:05]} 33. Bc2+ {[%emt 0:04:02]} g6 {[%emt 0:00:12]} 34. Qb7 {[%emt 0:00:14]} Qxf2+ {[%emt 0:00:47]} 35. Kh1 {[%emt 0:00:02]} Kg7 {[%emt 0:01:24]} 36. Bxg6 {[%emt 0:02:58]} Kxg6 {[%emt 0:00:06]} 37. Rf8 {[%emt 0:00:05]} Rd7 {[%emt 0:00:43]} 38. Rg8+ {[%emt 0:02:09]} Nxg8 {[%emt 0:01:12]} 39. Qxd7 {[%emt 0:00:04]} Nf6 {[%emt 0:00:00]} 40. Qd1 {[%emt 0:00:00]} Kg7 {[%emt 0:00:00]} 41. Qd3 {[%emt 0:09:25]} e4 {[%emt 0:03:21]} 42. Qc3 {[%emt 0:01:22]} e3 {[%emt 0:00:48]} 43. Qd4 {[%emt 0:01:54]} g3 {[%emt 0:01:44]} 44. c5 {[%emt 0:02:25]} e2 {[%emt 0:00:29]} 45. Qa1 {[%emt 0:00:05]} Be5 {[%emt 0:00:51]} 0-1

[Event "ROU-chT Men Superliga 2018"]
[Site "Sovata"]
[Date "2018.12.01"]
[Round "8"]
[White "Moldovan, Daniel"]
[Black "Ileana, George"]
[Result "0-1"]
[WhiteElo "2406"]
[BlackElo "2318"]
[Annotator "NA"]
[PlyCount "74"]
[EventDate "2018.11.24"]
[EventType "team-tourn"]
[EventCountry "ROU"]
[SourceTitle "playchess.com"]
[Source "ChessBase"]
[SourceQuality "1"]
[TimeControl "40/5400+30:1800+30"]

1. e4 {[%emt 0:00:00]} c5 {[%emt 0:00:00]} 2. Nf3 {[%emt 0:00:03]} d6 {[%emt 0:00:00]} 3. d4 {[%emt 0:00:04]} cxd4 {[%emt 0:00:00]} 4. Nxd4 {[%emt 0:00:03]} Nf6 {[%emt 0:00:00]} 5. Nc3 {[%emt 0:00:05]} g6 {[%emt 0:00:01]} 6. Be2 {[%emt 0:00:06]} Bg7 {[%emt 0:00:07]} 7. O-O {[%emt 0:00:05]} Nc6 {[%emt 0:00:33]} 8. Nb3 {[%emt 0:00:04]} O-O {[%emt 0:00:08]} 9. Re1 {[%emt 0:00:03]} Be6 {[%emt 0:01:09]} 10. Bf1 {[%emt 0:00:08]} Rc8 {[%emt 0:00:49]} 11. Nd5 {[%emt 0:03:04]} Ne5 {[%emt 0:07:33]} 12. c3 {[%emt 0:03:44] B70: Sicilian Dragon: 6 g3 and 6 Be2 (without a later Be3)} Nc4 {[%emt 0:04:38]} 13. Nxf6+ $146 {[%emt 0:27:31]} ({Predecessor:} 13. a4 Bxd5 14. exd5 Nb6 15. g4 a5 16. Bg2 Nc4 17. Nd4 Nb6 18. Nb5 Rc5 19. Be3 Rxd5 20. Bxd5 Nbxd5 {½-½ (55) Arribas Lopez,A (2442)-Espinosa Aranda,A (2397) Linares 2010}) 13... Bxf6 {[%emt 0:00:17]} 14. Nd4 {[%emt 0:00:10]} Bd7 {[%emt 0:01:46]} 15. a4 {[%emt 0:05:48]} Qb6 {[%emt 0:02:42]} 16. Bxc4 {[%emt 0:19:23]} Rxc4 {[%emt 0:05:34]} 17. a5 {[%emt 0:00:08]} Qc7 {[%emt 0:01:03]} 18. Qd3 {[%emt 0:01:50]} a6 {[%emt 0:01:24]} 19. Bd2 {[%emt 0:00:25]} Rc5 {[%emt 0:02:26]} 20. b4 {[%emt 0:12:54]} Rc4 {[%emt 0:00:08]} 21. Ra3 {[%emt 0:02:33]} Rc8 {[%emt 0:00:57]} 22. h3 {[%emt 0:04:29]} Qd8 {[%emt 0:00:26]} 23. f4 {[%emt 0:02:18]} e5 {[%emt 0:02:28]} 24. Nf3 {[%emt 0:05:51]} Bb5 {[%emt 0:00:38]} 25. Qe3 {[%emt 0:00:01]} exf4 {[%emt 0:01:14]} 26. Qxf4 {[%emt 0:00:02]} d5 {[%emt 0:00:29]} 27. Nd4 {[%emt 0:01:22]} Bxd4+ {[%emt 0:00:53]} 28. cxd4 {[%emt 0:00:06]} dxe4 {[%emt 0:00:16]} 29. Be3 {[%emt 0:01:03]} Qe7 {[%emt 0:03:03]} 30. d5 {[%emt 0:02:45]} Qxb4 {[%emt 0:02:56]} 31. Raa1 $17 {[%emt 0:00:01]} Rd8 {[%emt 0:02:08]} 32. Rad1 {[%emt 0:01:20]} Qd6 {[%emt 0:04:18]} 33. Qh4 {[%emt 0:00:51]} Rd7 {[%emt 0:04:03]} 34. Bf4 {[%emt 0:01:29]} e3 {[%emt 0:01:44]} 35. Bxd6 {[%emt 0:02:36]} Rxh4 {[%emt 0:00:06]} 36. Bc5 {[%emt 0:00:16]} e2 {[%emt 0:00:26]} 37. Rd2 {[%emt 0:00:02]} Rh5 {[%emt 0:00:16]} 0-1

[Event "ROU-chT Men Superliga 2018"]
[Site "Sovata"]
[Date "2018.12.01"]
[Round "8"]
[White "Carmaciu, Lucian-Catalin"]
[Black "Popescu, Daniel-Vasilica"]
[Result "1-0"]
[WhiteElo "2374"]
[BlackElo "2131"]
[Annotator "NA"]
[PlyCount "81"]
[EventDate "2018.11.24"]
[EventType "team-tourn"]
[EventCountry "ROU"]
[SourceTitle "playchess.com"]
[Source "ChessBase"]
[SourceQuality "1"]
[TimeControl "40/5400+30:1800+30"]

1. d4 {[%emt 0:00:00]} f5 {[%emt 0:00:00]} 2. Nc3 {[%emt 0:00:00]} Nf6 {[%emt 0:00:00]} 3. Bg5 {[%emt 0:00:00]} e6 {[%emt 0:00:03]} 4. e4 {[%emt 0:00:31]} fxe4 {[%emt 0:00:18]} 5. Nxe4 {[%emt 0:00:16]} Be7 {[%emt 0:00:32]} 6. Bxf6 {[%emt 0:00:21]} Bxf6 {[%emt 0:00:11]} 7. Qh5+ {[%emt 0:00:19]} g6 {[%emt 0:01:54]} 8. Qh6 {[%emt 0:01:20]} Nc6 {[%emt 0:04:29]} 9. c3 {[%emt 0:00:31] A83: Dutch Defence: Staunton Gambit with 3 Nc3 Nf6 4 Bg5} d5 {[%emt 0:00:42]} (9... Qe7 10. Nxf6+ Qxf6 11. O-O-O b6 12. f4 Bb7 13. Nf3 Ne7 14. Ne5 O-O-O 15. Rg1 {½-½ (15) Khruschiov,A (2430)-Kazakovskiy,V (2342) Moscow 2015}) 10. Nxf6+ {[%emt 0:00:34] Qxf} Qxf6 {[%emt 0:00:07]} 11. Bb5 {[%emt 0:00:34]} Bd7 {[%emt 0:07:43]} 12. Nf3 {[%emt 0:01:42]} O-O-O {[%emt 0:02:08]} 13. Bxc6 {[%emt 0:02:31]} Bxc6 {[%emt 0:00:10]} 14. O-O $146 {[%emt 0:00:19]} ({Predecessor:} 14. O-O-O Bb5 15. Rhe1 Ba4 16. Rd2 Qf5 {1-0 (42) Da Ces,P (1975)-Acar,E (1473) Gelsenkirchen 2017}) 14... Bb5 {[%emt 0:03:18]} 15. Rfe1 {[%emt 0:01:18]} Rhf8 {[%emt 0:02:35]} 16. Re3 {[%emt 0:01:14]} Rde8 {[%emt 0:05:27]} 17. Qg5 {[%emt 0:03:46]} Qg7 {[%emt 0:05:02]} 18. Rae1 {[%emt 0:02:13]} h6 {[%emt 0:06:13]} 19. Qg4 {[%emt 0:01:42]} Bd7 {[%emt 0:03:15]} 20. Ne5 {[%emt 0:00:10]} Rf6 {[%emt 0:06:48]} 21. h4 {[%emt 0:04:34]} Kb8 {[%emt 0:03:36]} 22. Rf3 {[%emt 0:01:24]} Ref8 {[%emt 0:28:12]} 23. Ree3 {[%emt 0:02:25]} Rxf3 {[%emt 0:02:26]} 24. Rxf3 {[%emt 0:00:10]} Rxf3 {[%emt 0:02:25]} 25. Qxf3 {[%emt 0:00:25]} Be8 {[%emt 0:03:09]} 26. Kh2 {[%emt 0:00:21]} Kc8 {[%emt 0:00:30]} 27. g4 {[%emt 0:00:32]} Kd8 {[%emt 0:00:38]} 28. g5 {[%emt 0:00:20]} hxg5 {[%emt 0:01:56]} 29. hxg5 {[%emt 0:00:05]} Qe7 {[%emt 0:04:52]} 30. Qf6 {[%emt 0:00:27]} b6 {[%emt 0:00:59]} 31. Kg3 {[%emt 0:00:23]} c5 {[%emt 0:00:39]} 32. b4 {[%emt 0:01:50]} cxb4 {[%emt 0:01:04]} 33. cxb4 {[%emt 0:00:01]} a5 {[%emt 0:00:09]} 34. bxa5 {[%emt 0:00:43]} bxa5 {[%emt 0:00:08]} 35. Kf4 {[%emt 0:00:18]} a4 {[%emt 0:01:16]} 36. a3 {[%emt 0:00:07]} Bb5 {[%emt 0:00:32]} 37. Nxg6 {[%emt 0:01:08]} Qxf6+ {[%emt 0:00:13]} 38. gxf6 {[%emt 0:00:02]} Ke8 {[%emt 0:01:11]} 39. Ke5 {[%emt 0:00:52]} Bd7 {[%emt 0:01:18]} 40. Nf4 {[%emt 0:00:00]} Kf7 {[%emt 0:00:00]} 41. Nd3 {[%emt 0:01:30]} 1-0